| 000 | 00737cab a2200229 4500 | ||
|---|---|---|---|
| 001 | WB3303-15 | ||
| 008 | 090401t1997 xxu||||| |||| 00| 0 eng d | ||
| 035 | _a(Sirsi) u26426 | ||
| 041 | _aeng | ||
| 245 | _aFactory outlets | ||
| 260 | _c1997 | ||
| 350 | _a0 | ||
| 490 |
_aFinancial Times _v17 January 1997, 7(1) |
||
| 520 | _aA report by Corporate Intelligence on Retailing shows that the UK leads the rest of Europe in factory outlet retailing. There are 12 factory outlet centres in Britain. Details. | ||
| 650 | _aFACTORY OUTLETS | ||
| 650 | _aFACTORY SHOPS | ||
| 650 | _aOUT-OF-TOWN SHOPPING | ||
| 650 | _aRETAIL PROPERTY | ||
| 690 | _aPROPERTY-COMMERCIAL PROPERTY-RETAIL PROPERTY | ||
| 942 | _n0 | ||
| 948 | _c04/03/1997 | ||
| 999 |
_c17751 _d17751 |
||